01071nam a22002897a 4500003000500000005001700005008004100022010001000063011001000073020001800083035001100101040000900112082001600121110006600137245014700203260003400350300003900384650004500423650004500468650005000513650004200563650005200605650003100657650003200688650002900720650003200749CHAP20240502085829.0100316s2008 mx a r 00010 spa d a97761 a98733 a9789688107478 a109418 cCHAP14a327.17bC731 aComisión Mexicana para la Cooperación con Centroamérica13aLa cooperación mexicana con Centroamérica y el Caribe 2006c/por Comisión Mexicana para la Cooperación con Centroamérica y el Caribe aMéxico, D. F. :bSRE,c2008 a83 p. :bilus. + 1 CD (4 3/4 plg.)04aRelaciones económicas internacionales.14aAmerica CentralxCondiciones economicas.14aAmérica CentralxIntegración económica.14aAmerica CentralxPolitica y gobierno.14aAmerica CentralxRelaciones exterioresxMexico.14aConvenios internacionales.17aCooperación internacional14aProyectos de desarrollo.14aRelaciones internacionales.